Normal view
MARC view
- القران الكريم - الاعجاز العددي
Entry Topical Term
001 - CONTROL NUMBER
- control field: 36422
003 - CONTROL NUMBER IDENTIFIER
- control field: JO-AjAnu
005 - DATE AND TIME OF LATEST TRANSACTION
- control field: 20230606080101.0
008 - FIXED-LENGTH DATA ELEMENTS
- fixed length control field: 230606|| aca||aabn | a|a d
040 ## - CATALOGING SOURCE
- Original cataloging agency: JO-AjAnu
- Transcribing agency: JO-AjAnu
150 ## - HEADING--TOPICAL TERM
- Topical term or geographic name entry element: القران الكريم - الاعجاز العددي
670 ## - SOURCE DATA FOUND
- Source citation: Work cat.: (JO-AjAnu)18699: البيك، صدقي, author 36421, معجزة القرآن العددية